[Event "Valencia Provincial-ch"]
[Site "Valencia"]
[Date "2014.10.18"]
[Round "3"]
[White "Madero, Sergio"]
[Black "Silva Rodriguez, Fernando"]
[Result "0-1"]
[WhiteElo "2153"]
[BlackElo "2244"]
[PlyCount "116"]
[EventDate "2014.09.27"]
[EventType "swiss"]
[EventRounds "7"]
[EventCountry "ESP"]
[SourceTitle "EXT 2016"]
[Source "ChessBase"]
[SourceDate "2015.10.08"]
[SourceVersion "1"]
[SourceVersionDate "2015.10.08"]
[SourceQuality "1"]

1. c4 Nf6 2. g3 e6 3. Bg2 d5 4. Nf3 d4 5. 0-0 c5 6. b4 cxb4 7. d3 Nc6 8. Nbd2 a5 9. a3 Be7 10. axb4 Bxb4 11. Bb2 e5 12. Nb3 Bg4 13. e3 0-0 14. exd4 exd4 15. Qc2 Bxf3 16. Bxf3 Qd6 17. c5 Qd7 18. Bxc6 bxc6 19. Nxd4 Rfd8 20. Rfc1 Ng4 21. Qd1 h5 22. Qf3 Ne5 23. Qe4 Qd5 24. f4 Qxe4 25. dxe4 Rxd4 26. fxe5 Rxe4 27. Rc2 Rd8 28. Kg2 Rd5 29. Ba3 Rexe5 30. Bxb4 axb4 31. Ra8+ Kh7 32. Rb2 Rd4 33. Ra4 Rxc5 34. Raxb4 Rxb4 35. Rxb4 Rc2+ 36. Kf3 c5 37. Rb5 Kg6 38. Kf4 f6 39. h4 Rc4+ 40. Kf3 Kf5 41. Rb7 Rc3+ 42. Kf2 g5 43. Rf7 Rc2+ 44. Ke3 Rc3+ 45. Kf2 Kg6 46. Rc7 Rc2+ 47. Ke3 g4 48. Rc8 Rg2 49. Rg8+ Kf5 50. Rh8 Rxg3+ 51. Ke2 Kf4 52. Rxh5 f5 53. Rh8 Rg2+ 54. Kf1 Kg3 55. Rc8 f4 56. h5 f3 57. h6 Rh2 58. Kg1 f2+ 0-1

[Event "Valencia Provincial-ch"]
[Site "Valencia"]
[Date "2014.10.04"]
[Round "2"]
[White "Nieves Cabanes, Javier"]
[Black "Madero, Sergio"]
[Result "0-1"]
[WhiteElo "2097"]
[BlackElo "2153"]
[PlyCount "92"]
[EventDate "2014.09.27"]
[EventType "swiss"]
[EventRounds "7"]
[EventCountry "ESP"]
[SourceTitle "EXT 2016"]
[Source "ChessBase"]
[SourceDate "2015.10.08"]
[SourceVersion "1"]
[SourceVersionDate "2015.10.08"]
[SourceQuality "1"]

1. d4 Nf6 2. c4 g6 3. Nc3 Bg7 4. e4 d6 5. Nf3 0-0 6. Be2 e5 7. 0-0 Nc6 8. d5 Ne7 9. b4 Nh5 10. g3 f5 11. Ng5 Nf6 12. Bf3 fxe4 13. Ncxe4 Nf5 14. c5 Nd4 15. Bg2 Bg4 16. f3 Bf5 17. cxd6 cxd6 18. Be3 Nxe4 19. fxe4 Bd7 20. Rxf8+ Bxf8 21. Qf1 Qe7 22. Qf2 Bh6 23. h4 Rf8 24. Qd2 Bg4 25. Bxd4 Bxg5 26. Be3 Bxe3+ 27. Qxe3 Qd7 28. Rc1 Bh3 29. Kh2 Bxg2 30. Kxg2 Qb5 31. a3 a5 32. h5 axb4 33. axb4 gxh5 34. Qg5+ Kh8 35. Qxh5 Qxb4 36. Qe2 Qa5 37. Rh1 Qc7 38. Rh6 b5 39. Qxb5 Qc2+ 40. Kh3 Qxe4 41. Rh4 Qh1+ 42. Kg4 Qf3+ 43. Kh3 Rg8 44. Rxh7+ Kxh7 45. Qb1+ e4 46. Qb7+ Rg7 0-1

[Event "Valencia Provincial-ch"]
[Site "Valencia"]
[Date "2014.09.27"]
[Round "1"]
[White "Madero, Sergio"]
[Black "Baeza Garcia, Agustin"]
[Result "1-0"]
[WhiteElo "2153"]
[BlackElo "1939"]
[PlyCount "71"]
[EventDate "2014.09.27"]
[EventType "swiss"]
[EventRounds "7"]
[EventCountry "ESP"]
[SourceTitle "EXT 2016"]
[Source "ChessBase"]
[SourceDate "2015.10.08"]
[SourceVersion "1"]
[SourceVersionDate "2015.10.08"]
[SourceQuality "1"]

1. c4 c6 2. g3 d5 3. Nf3 Nf6 4. Bg2 Bg4 5. 0-0 e6 6. cxd5 cxd5 7. Nc3 Nc6 8. d4 Bd6 9. Qb3 Bxf3 10. Qxb7 Nxd4 11. exf3 Qb8 12. Qa6 0-0 13. Qd3 Nc6 14. f4 Ne7 15. Rb1 Nf5 16. Nxd5 Nxd5 17. Bxd5 exd5 18. Qxf5 d4 19. Rd1 Qb6 20. Qd3 Rad8 21. b4 Rfe8 22. b5 Bc5 23. a4 Qa5 24. Bd2 Qb6 25. Re1 Qd6 26. Re4 Re6 27. f5 Re7 28. Rc1 Ba3 29. Rxd4 Qxd4 30. Qxd4 Rxd4 31. Rc8+ Re8 32. Rxe8+ Bf8 33. Be3 Rd5 34. Bxa7 f6 35. b6 Kf7 36. Rxf8+ 1-0

[Event "Alzira Christmas op 3rd"]
[Site "Alzira"]
[Date "2013.12.29"]
[Round "5"]
[White "Cerdan Herraez, Manuel Vicente"]
[Black "Madero, Sergio"]
[Result "0-1"]
[WhiteElo "1855"]
[BlackElo "2127"]
[PlyCount "70"]
[EventDate "2013.12.27"]
[EventType "swiss"]
[EventRounds "7"]
[EventCountry "ESP"]
[SourceTitle "CBM 158 Extra"]
[Source "ChessBase"]
[SourceDate "2014.02.28"]
[SourceVersion "1"]
[SourceVersionDate "2014.02.28"]
[SourceQuality "1"]

1. e4 c5 2. Nc3 a6 3. a4 e6 4. Nf3 Qc7 5. d4 cxd4 6. Nxd4 Nc6 7. Nxc6 Qxc6 8. Bd3 Bb4 9. Bd2 Nf6 10. Qf3 b6 11. 0-0 Bb7 12. Rfe1 Rc8 13. Nd5 Bxd2 14. Nxf6+ gxf6 15. Re2 Bg5 16. b4 Ke7 17. b5 Qc3 18. Rb1 a5 19. Qh5 Rhg8 20. Rf1 Bf4 21. g3 Qd4 22. Kh1 Bb8 23. f3 Rc5 24. Qxh7 Rcc8 25. Qh6 Rh8 26. Qd2 Bxg3 27. Rg2 Bb8 28. Qe2 Bf4 29. c4 Rh3 30. Rff2 Rch8 31. Qc2 d6 32. Qd1 f5 33. Qf1 fxe4 34. Bxe4 Bxe4 35. fxe4 Qxe4 0-1

[Event "Alzira Christmas op 3rd"]
[Site "Alzira"]
[Date "2013.12.28"]
[Round "4"]
[White "Madero, Sergio"]
[Black "Galiana Fernandez, Adrian"]
[Result "1-0"]
[WhiteElo "2127"]
[BlackElo "1782"]
[PlyCount "67"]
[EventDate "2013.12.27"]
[EventType "swiss"]
[EventRounds "7"]
[EventCountry "ESP"]
[SourceTitle "CBM 158 Extra"]
[Source "ChessBase"]
[SourceDate "2014.02.28"]
[SourceVersion "1"]
[SourceVersionDate "2014.02.28"]
[SourceQuality "1"]

1. Nf3 d5 2. g3 Nf6 3. Bg2 c6 4. 0-0 Bf5 5. c4 e6 6. d3 Nbd7 7. Nbd2 Bd6 8. Re1 Nc5 9. b4 Ncd7 10. e4 Bg4 11. Qb3 dxe4 12. dxe4 e5 13. h3 Bh5 14. c5 Bc7 15. Bb2 0-0 16. Nc4 Qe7 17. Qc3 Bxf3 18. Bxf3 a5 19. a3 Rfd8 20. Rad1 h6 21. Nd6 axb4 22. axb4 b5 23. Nf5 Qf8 24. Qb3 g6 25. Nd6 Ne8 26. Nb7 Rdb8 27. Rxd7 Rxb7 28. Bxe5 Rba7 29. Bb2 Ng7 30. e5 Ne6 31. Bxc6 Rb8 32. Red1 Qg7 33. Bd5 Re8 34. c6 1-0

[Event "Provincial-ch Valencia"]
[Site "Valencia"]
[Date "2013.10.26"]
[Round "3"]
[White "Madero, Sergio"]
[Black "Sanchis Hernandez, Jose Luis"]
[Result "1/2-1/2"]
[WhiteElo "2127"]
[BlackElo "1983"]
[PlyCount "56"]
[EventDate "2013.10.05"]
[EventType "swiss"]
[EventRounds "7"]
[EventCountry "ESP"]
[SourceTitle "EXT 2024"]
[Source "ChessBase"]
[SourceDate "2023.10.10"]
[SourceVersion "1"]
[SourceVersionDate "2023.10.10"]
[SourceQuality "1"]

1. e4 c5 2. c3 d5 3. exd5 Qxd5 4. d4 e5 5. Nf3 cxd4 6. cxd4 Nc6 7. Nc3 Bb4 8. Bd2 Bxc3 9. Bxc3 e4 10. Ne5 Nxe5 11. dxe5 Be6 12. Qxd5 Bxd5 13. Bb5+ Ke7 14. 0-0-0 Rd8 15. Bb4+ Ke6 16. Rxd5 Rxd5 17. Bc4 Ne7 18. Bc3 Rc8 19. Bb3 Kf5 20. f4 Rd3 21. Bxf7 Rcxc3+ 22. bxc3 Kxf4 23. e6 Rxc3+ 24. Kb2 Rc5 25. Rf1+ Ke5 26. Re1 Kf4 27. Rf1+ Ke5 28. Re1 Kf4 1/2-1/2

[Event "Manises Provincial-ch"]
[Site "Manises"]
[Date "2011.11.12"]
[Round "5"]
[White "Bixquert Jimenez, Francisco"]
[Black "Madero, Sergio"]
[Result "1/2-1/2"]
[WhiteElo "1935"]
[BlackElo "2120"]
[PlyCount "89"]
[EventDate "2011.10.01"]
[EventType "swiss"]
[EventRounds "7"]
[EventCountry "ESP"]
[SourceTitle "EXT 2013"]
[Source "ChessBase"]
[SourceDate "2012.11.22"]
[SourceVersion "1"]
[SourceVersionDate "2012.11.22"]
[SourceQuality "1"]

1. d4 Nf6 2. c4 e6 3. Nc3 Bb4 4. Qc2 d5 5. a3 Bxc3+ 6. Qxc3 c5 7. dxc5 Nc6 8. e3 d4 9. exd4 Qxd4 10. Qxd4 Nxd4 11. Bd3 e5 12. Be3 Nb3 13. Rd1 Be6 14. f3 Rc8 15. Ne2 e4 16. fxe4 Ng4 17. Bd4 0-0 18. h3 Nxd4 19. Nxd4 Ne3 20. Rd2 Rfd8 21. Kf2 Nxc4 22. Bxc4 Bxc4 23. b4 f6 24. Rc1 Bb5 25. Ke3 a6 26. Nf5 Rxd2 27. Kxd2 Rd8+ 28. Nd6 Bc6 29. Ke3 g6 30. g4 Kf8 31. Rf1 Ke7 32. g5 Rf8 33. h4 h6 34. gxf6+ Rxf6 35. Rxf6 Kxf6 36. e5+ Kxe5 37. Nf7+ Kd5 38. Nxh6 Kc4 39. Nf7 Kb3 40. Kd4 Kxa3 41. Kc3 Be4 42. Nd6 Bg2 43. Nf7 Ka4 44. Ne5 Be4 45. Nf7 1/2-1/2

[Event "Manises Provincial-ch"]
[Site "Manises"]
[Date "2011.10.01"]
[Round "1"]
[White "Madero, Sergio"]
[Black "Soler di Benedetto, Sandra"]
[Result "1/2-1/2"]
[WhiteElo "2120"]
[BlackElo "1971"]
[PlyCount "45"]
[EventDate "2011.10.01"]
[EventType "swiss"]
[EventRounds "7"]
[EventCountry "ESP"]
[SourceTitle "EXT 2013"]
[Source "ChessBase"]
[SourceDate "2012.11.22"]
[SourceVersion "1"]
[SourceVersionDate "2012.11.22"]
[SourceQuality "1"]

1. Nf3 d5 2. c4 c6 3. g3 Nf6 4. Bg2 Bf5 5. b3 e6 6. 0-0 Nbd7 7. d3 Be7 8. Bb2 0-0 9. Nbd2 a5 10. h3 a4 11. bxa4 Nc5 12. Nh4 Bg6 13. Nxg6 hxg6 14. cxd5 exd5 15. Bd4 Nxa4 16. Qb3 Qd7 17. Rab1 Nc5 18. Qb2 Ra4 19. Bf3 Rfa8 20. Bxc5 Bxc5 21. Qxb7 Rxa2 22. Qxd7 Nxd7 23. Nb3 1/2-1/2

[Event "Valencia Autonomico"]
[Site "Cheste"]
[Date "2010.10.11"]
[Round "6"]
[White "Sos Andreu, Eric"]
[Black "Madero, Sergio"]
[Result "1/2-1/2"]
[WhiteElo "1963"]
[BlackElo "2093"]
[PlyCount "33"]
[EventDate "2010.10.07"]
[EventType "swiss"]
[EventRounds "7"]
[EventCountry "ESP"]
[SourceTitle "EXT 2024"]
[Source "ChessBase"]
[SourceDate "2023.10.10"]
[SourceVersion "1"]
[SourceVersionDate "2023.10.10"]
[SourceQuality "1"]

1. d4 Nf6 2. Nf3 g6 3. c4 Bg7 4. Nc3 0-0 5. e4 d6 6. Be2 e5 7. dxe5 dxe5 8. Qxd8 Rxd8 9. Bg5 Re8 10. Nd5 Nxd5 11. cxd5 c6 12. Bc4 cxd5 13. Bxd5 Nd7 14. Ke2 Nf6 15. Bxf6 Bxf6 16. Rac1 Bg4 17. Rc7 1/2-1/2

[Event "Valencia Autonomico"]
[Site "Cheste"]
[Date "2010.10.10"]
[Round "5"]
[White "Madero, Sergio"]
[Black "Remolar Gallen, Jose"]
[Result "1-0"]
[WhiteElo "2093"]
[BlackElo "2009"]
[PlyCount "53"]
[EventDate "2010.10.07"]
[EventType "swiss"]
[EventRounds "7"]
[EventCountry "ESP"]
[SourceTitle "EXT 2024"]
[Source "ChessBase"]
[SourceDate "2023.10.10"]
[SourceVersion "1"]
[SourceVersionDate "2023.10.10"]
[SourceQuality "1"]

1. c4 b6 2. Nc3 Bb7 3. d4 Nf6 4. Nf3 e6 5. e3 Bb4 6. Qb3 Bxc3+ 7. Qxc3 0-0 8. Bd3 Ne4 9. Qc2 f5 10. 0-0 Nc6 11. a3 Ng5 12. Nxg5 Qxg5 13. f4 Qg6 14. b4 Ne7 15. Bb2 Nc8 16. b5 Qg4 17. d5 exd5 18. Rf3 Rf7 19. Rg3 Qh5 20. cxd5 Bxd5 21. Bc4 Ne7 22. Bxd5 Nxd5 23. Qc4 c6 24. bxc6 dxc6 25. Qxc6 Rd8 26. Rc1 Qe2 27. Qxd5 1-0

[Event "Valencia Autonomico"]
[Site "Cheste"]
[Date "2010.10.09"]
[Round "4"]
[White "Navarrete Espi, Samuel"]
[Black "Madero, Sergio"]
[Result "1/2-1/2"]
[WhiteElo "2024"]
[BlackElo "2093"]
[PlyCount "59"]
[EventDate "2010.10.07"]
[EventType "swiss"]
[EventRounds "7"]
[EventCountry "ESP"]
[SourceTitle "EXT 2024"]
[Source "ChessBase"]
[SourceDate "2023.10.10"]
[SourceVersion "1"]
[SourceVersionDate "2023.10.10"]
[SourceQuality "1"]

1. e4 c6 2. d4 d5 3. Nc3 dxe4 4. Nxe4 Nd7 5. Ng5 Ngf6 6. Bd3 e6 7. Qe2 Bd6 8. N1f3 h6 9. Ne4 Nxe4 10. Qxe4 Nf6 11. Qe2 b6 12. Bd2 Bb7 13. 0-0-0 Qc7 14. Kb1 0-0-0 15. c4 c5 16. Rc1 Kb8 17. dxc5 Bxc5 18. Ka1 a5 19. Rhd1 Ng4 20. Be3 Bxf3 21. Qxf3 Bxe3 22. fxe3 Ne5 23. Qe2 Nxd3 24. Rxd3 Rxd3 25. Qxd3 Rd8 26. Qc3 f6 27. Qb3 Qc5 28. Qc3 Qe5 29. Qb3 Qc5 30. Qc3 1/2-1/2

[Event "Valencia Autonomico"]
[Site "Cheste"]
[Date "2010.10.08"]
[Round "3"]
[White "Madero, Sergio"]
[Black "Aguilar Guillamont, Jesus"]
[Result "1-0"]
[WhiteElo "2093"]
[BlackElo "1932"]
[PlyCount "57"]
[EventDate "2010.10.07"]
[EventType "swiss"]
[EventRounds "7"]
[EventCountry "ESP"]
[SourceTitle "EXT 2024"]
[Source "ChessBase"]
[SourceDate "2023.10.10"]
[SourceVersion "1"]
[SourceVersionDate "2023.10.10"]
[SourceQuality "1"]

1. c4 c5 2. Nc3 Nf6 3. g3 d5 4. cxd5 Nxd5 5. Bg2 e6 6. Nf3 Nc6 7. 0-0 Be7 8. Nxd5 exd5 9. d4 cxd4 10. Nxd4 0-0 11. Be3 Ne5 12. b3 Ng4 13. Bc1 Bf6 14. Bb2 Be6 15. e3 Ne5 16. h3 Nc6 17. Qd2 Qb6 18. Nxc6 Bxb2 19. Ne7+ Kh8 20. Qxb2 Qc5 21. Nxd5 Bxd5 22. Qe5 Rad8 23. Rad1 f6 24. Rxd5 Qa3 25. Qh5 g6 26. Qh6 Qe7 27. Rfd1 Rxd5 28. Rxd5 Rc8 29. Kh2 1-0

[Event "Mislata op-A"]
[Site "Mislata"]
[Date "2010.08.21"]
[Round "8"]
[White "Madero, Sergio"]
[Black "Silva Rodriguez, Fernando"]
[Result "1/2-1/2"]
[WhiteElo "2139"]
[BlackElo "2115"]
[PlyCount "140"]
[EventDate "2010.08.16"]
[EventType "swiss"]
[EventRounds "9"]
[EventCountry "ESP"]
[SourceTitle "CBM 138 Extra"]
[Source "ChessBase"]
[SourceDate "2010.10.29"]
[SourceVersion "1"]
[SourceVersionDate "2010.10.29"]
[SourceQuality "1"]

1. d4 d6 2. Nf3 Nf6 3. g3 g6 4. Bg2 Bg7 5. 0-0 0-0 6. c4 c6 7. Nc3 Bf5 8. Re1 Ne4 9. Nd2 Nxc3 10. bxc3 Be6 11. e4 Na6 12. Rb1 Rb8 13. f4 Qa5 14. Qc2 b5 15. Bf1 bxc4 16. Rxb8 Rxb8 17. Nf3 Bg4 18. Kg2 Bxf3+ 19. Kxf3 Bxd4 20. Bxc4 Bxc3 21. Re3 Bb4 22. a3 Bc5 23. Bd2 Qc7 24. Bxa6 Bxe3 25. Bxe3 c5 26. Bc4 e6 27. Qd3 Qc6 28. Bc1 Rd8 29. Bb5 Qb7 30. Ba6 Qc6 31. Qb5 Qxb5 32. Bxb5 Kf8 33. Ke2 Ke7 34. Kd3 d5 35. e5 Rb8 36. Ba4 h5 37. h4 Kd8 38. Be3 Rc8 39. Bd2 Ke7 40. Ba5 Kf8 41. Kc2 Ke7 42. Kd3 f6 43. Bc3 fxe5 44. Bxe5 Rd8 45. Bc2 Rd7 46. Kc3 Kf7 47. Bd3 Rd8 48. Bb5 Ke7 49. a4 Rc8 50. a5 Rd8 51. a6 Rc8 52. Ba4 Rd8 53. Bc6 Rc8 54. Bb7 Rg8 55. Bc7 Kd7 56. Be5 Rf8 57. Kb3 Rd8 58. Ka4 Rg8 59. Kb5 c4 60. Kb4 Rd8 61. Kc3 Rf8 62. Bd4 Kc7 63. Bxa7 g5 64. hxg5 h4 65. Bc5 Rh8 66. Bd4 h3 67. Be5+ Kb6 68. Bd4+ Kc7 69. Be5+ Kb6 70. Bd4+ Kc7 1/2-1/2

[Event "Mislata op-A"]
[Site "Mislata"]
[Date "2010.08.19"]
[Round "6"]
[White "Madero, Sergio"]
[Black "Aranda Flores, Jordi"]
[Result "1-0"]
[WhiteElo "2139"]
[BlackElo "2140"]
[PlyCount "35"]
[EventDate "2010.08.16"]
[EventType "swiss"]
[EventRounds "9"]
[EventCountry "ESP"]
[SourceTitle "CBM 138 Extra"]
[Source "ChessBase"]
[SourceDate "2010.10.29"]
[SourceVersion "1"]
[SourceVersionDate "2010.10.29"]
[SourceQuality "1"]

1. d4 Nf6 2. c4 e6 3. Nf3 c5 4. g3 a6 5. Bg2 cxd4 6. Nxd4 Be7 7. 0-0 0-0 8. Nc3 Qc7 9. b3 Nc6 10. Bb2 d6 11. Rc1 Nxd4 12. Qxd4 e5 13. Qd3 Be6 14. Nd5 Bxd5 15. Bxd5 Rab8 16. Bg2 Qa5 17. Rfd1 Qxa2 18. Qc3 1-0

[Event "Cullera Bahia op 15th"]
[Site "Cullera"]
[Date "2009.07.28"]
[Round "7"]
[White "Galvan, Jesus"]
[Black "Madero, Sergio"]
[Result "1/2-1/2"]
[WhiteElo "2247"]
[BlackElo "2123"]
[PlyCount "85"]
[EventDate "2009.07.21"]
[EventType "swiss"]
[EventRounds "9"]
[EventCountry "ESP"]
[SourceTitle "EXT 2010"]
[Source "ChessBase"]
[SourceDate "2010.11.25"]
[SourceVersion "1"]
[SourceVersionDate "2010.11.25"]
[SourceQuality "1"]

1. d4 Nf6 2. c4 g6 3. Nc3 Bg7 4. e4 d6 5. f4 0-0 6. Nf3 Na6 7. Be2 e5 8. fxe5 dxe5 9. d5 Nc5 10. Bg5 h6 11. Bxf6 Bxf6 12. b4 Na6 13. Rb1 c5 14. dxc6 bxc6 15. c5 Qxd1+ 16. Bxd1 Rb8 17. a3 Nc7 18. Ba4 Bd7 19. Nd2 Ne6 20. Nc4 Nd4 21. 0-0 Bg7 22. Na5 f5 23. Rbd1 fxe4 24. Nxe4 Rxf1+ 25. Rxf1 Rf8 26. Re1 Re8 27. Nd2 Bf6 28. Ne4 Bg7 29. Nd6 Re7 30. Nac4 Bf5 31. Ne4 Re8 32. Ned6 Re7 33. Na5 Bd7 34. h3 Bf6 35. Ne4 Bg7 36. Rf1 Rf7 37. Nd6 Rxf1+ 38. Kxf1 Kf8 39. Kf2 h5 40. g4 hxg4 41. hxg4 Bh6 42. Nac4 Bf4 43. Na5 1/2-1/2

[Event "Cullera Bahia op 15th"]
[Site "Cullera"]
[Date "2009.07.27"]
[Round "6"]
[White "Madero, Sergio"]
[Black "Molina, Jorge"]
[Result "1/2-1/2"]
[WhiteElo "2123"]
[BlackElo "2129"]
[PlyCount "113"]
[EventDate "2009.07.21"]
[EventType "swiss"]
[EventRounds "9"]
[EventCountry "ESP"]
[SourceTitle "EXT 2010"]
[Source "ChessBase"]
[SourceDate "2010.11.25"]
[SourceVersion "1"]
[SourceVersionDate "2010.11.25"]
[SourceQuality "1"]

1. e4 c6 2. d4 d5 3. Nc3 dxe4 4. Nxe4 Bf5 5. Ng3 Bg6 6. h4 h6 7. Nf3 Nd7 8. h5 Bh7 9. Bd3 Bxd3 10. Qxd3 e6 11. Bf4 Qa5+ 12. Bd2 Qc7 13. Ne4 Ngf6 14. g3 Nxe4 15. Qxe4 0-0-0 16. 0-0-0 Bd6 17. c4 Nf6 18. Qe2 c5 19. Bc3 cxd4 20. Nxd4 a6 21. g4 Bc5 22. f3 Rd7 23. Nb3 Rhd8 24. Kb1 Be7 25. Rc1 Bc5 26. Ba5 b6 27. Bc3 Rd3 28. Rhd1 Rxd1 29. Rxd1 Be7 30. Rxd8+ Qxd8 31. c5 b5 32. a4 Qd5 33. Kc2 Qc6 34. axb5 axb5 35. Nd4 Qxc5 36. Qxb5 Qxb5 37. Nxb5 Bf8 38. Bxf6 gxf6 39. Kd3 Kd7 40. Kc4 Kc6 41. b3 Bc5 42. Nc3 Be7 43. Ne4 Bd8 44. b4 Be7 45. b5+ Kb6 46. Ng3 Ka5 47. Ne2 Kb6 48. Nd4 Kc7 49. Nc6 Bf8 50. Kb3 Bc5 51. Ka4 Bb6 52. Ne7 Kd7 53. Ng8 Bd8 54. Kb4 Ke8 55. b6 Bxb6 56. Nxf6+ Kd8 57. Kc4 1/2-1/2